000 00310nam a2200133Ia 4500
008 191201s2011 xx 000 0 und d
100 _aZACKER, Craig
245 0 _aComplete Reference PC Hard ware
250 _a20 Rep
260 _c2011
_bMGH
_aN. delhi
300 _a697
650 _aCSE
942 _2ddc
_cBB
_01
999 _c7427
_d7427